[Event "UGA-chT"]
[Site "Kampala"]
[Date "2018.06.22"]
[Round "6.4"]
[White "Kantinti, Shaddrack"]
[Black "Luberenga, Godfrey"]
[Result "1-0"]
[WhiteElo "2039"]
[BlackElo "1889"]
[PlyCount "57"]
[EventDate "2018.05.24"]
[EventType "team-swiss"]
[EventRounds "14"]
[EventCountry "UGA"]
[SourceTitle "CBM 187 Extra"]
[Source "ChessBase"]
[SourceDate "2018.11.04"]
[SourceVersion "1"]
[SourceVersionDate "2018.11.04"]
[SourceQuality "1"]
[WhiteTeam "Mulago Kings"]
[BlackTeam "Aviation CC"]
[WhiteTeamCountry "UGA"]
[BlackTeamCountry "UGA"]

1. e4 g6 2. d4 Bg7 3. h4 h5 4. c3 c6 5. Bg5 Qc7 6. Bd3 d6 7. Nh3 e5 8. Be3 Nh6 9. f3 Nd7 10. Qd2 Nb6 11. a4 Qe7 12. Ng5 f6 13. Nh3 Be6 14. d5 cxd5 15. exd5 Bf5 16. a5 Nd7 17. Na3 Bxd3 18. Qxd3 Nf5 19. Bf2 Nc5 20. Qb5+ Kf7 21. 0-0 Bh6 22. Rae1 a6 23. Qe2 Nb3 24. g4 hxg4 25. fxg4 Nd2 26. gxf5 gxf5 27. Qh5+ Kf8 28. Qxf5 Nxf1 29. Kxf1 1-0

[Event "UGA olympic qual"]
[Site "Kampala"]
[Date "2018.04.21"]
[Round "2"]
[White "Kantinti, Shaddrack"]
[Black "Bibasa, Bob Gilbert"]
[Result "1/2-1/2"]
[WhiteElo "1978"]
[BlackElo "2129"]
[PlyCount "57"]
[EventDate "2018.04.21"]
[EventType "tourn"]
[EventRounds "13"]
[EventCountry "UGA"]
[SourceTitle "EXT 2019"]
[Source "ChessBase"]
[SourceDate "2018.10.10"]
[SourceVersion "1"]
[SourceVersionDate "2018.10.10"]
[SourceQuality "1"]

1. e4 d6 2. d4 e5 3. Nf3 Bg4 4. c3 Bxf3 5. Qxf3 Nc6 6. d5 Nb8 7. Bb5+ Nd7 8. Bxd7+ Qxd7 9. c4 g6 10. h3 f5 11. Qb3 b6 12. Nc3 Nf6 13. f3 Bg7 14. g4 fxe4 15. fxe4 0-0 16. Be3 Rf7 17. 0-0-0 Raf8 18. Rde1 Ne8 19. Qb5 Qxb5 20. cxb5 Rf3 21. Kd2 Bf6 22. Ref1 Bh4 23. Rxf3 Rxf3 24. Ke2 Rf7 25. Rg1 g5 26. Rf1 Rxf1 27. Kxf1 Nf6 28. Kg2 h6 29. Bd2 1/2-1/2

[Event "Kampala Kawuma op"]
[Site "Kampala"]
[Date "2018.03.09"]
[Round "3"]
[White "Kantinti, Shaddrack"]
[Black "Nsubuga, Haruna"]
[Result "0-1"]
[WhiteElo "1989"]
[BlackElo "2161"]
[PlyCount "69"]
[EventDate "2018.03.08"]
[EventType "swiss"]
[EventRounds "8"]
[EventCountry "UGA"]
[SourceTitle "EXT 2019"]
[Source "ChessBase"]
[SourceDate "2018.10.10"]
[SourceVersion "1"]
[SourceVersionDate "2018.10.10"]
[SourceQuality "1"]

1. e4 c6 2. d4 d5 3. Nc3 dxe4 4. Nxe4 Bf5 5. Ng3 Bg6 6. h4 h6 7. Nf3 Nd7 8. h5 Bh7 9. Bd3 Bxd3 10. Qxd3 e6 11. Bf4 Qa5+ 12. Bd2 Bb4 13. c3 Be7 14. Ne4 Ngf6 15. c4 Qc7 16. 0-0-0 b5 17. cxb5 Rb8 18. Nc3 cxb5 19. Kb1 b4 20. Ne4 Nxe4 21. Qxe4 b3 22. axb3 Rxb3 23. Qc2 Qb7 24. Bc3 0-0 25. Nd2 Rb5 26. Qe4 Qc7 27. Rc1 Rfb8 28. d5 Qb7 29. Kc2 Nf6 30. Qe5 Rxd5 31. Qe2 Bb4 32. Bxb4 Qxb4 33. Nc4 Rd4 34. Kb1 Ne4 35. Rc2 0-1

[Event "Kireka op"]
[Site "Kireka"]
[Date "2017.12.29"]
[Round "4"]
[White "Angolikin, Goretti"]
[Black "Kantinti, Shaddrack"]
[Result "1/2-1/2"]
[WhiteElo "1638"]
[BlackElo "2042"]
[PlyCount "55"]
[EventDate "2017.12.28"]
[EventType "swiss"]
[EventRounds "8"]
[EventCountry "UGA"]
[SourceTitle "EXT 2019"]
[Source "ChessBase"]
[SourceDate "2018.10.10"]
[SourceVersion "1"]
[SourceVersionDate "2018.10.10"]
[SourceQuality "1"]

1. e4 e5 2. Nf3 Nc6 3. Bc4 Be7 4. 0-0 Nf6 5. Nc3 d6 6. h3 0-0 7. a3 Be6 8. Ba2 Bxa2 9. Rxa2 Nd4 10. d3 c6 11. Nxd4 exd4 12. Ne2 Qb6 13. f4 Rae8 14. Ng3 Bd8 15. Nf5 Re6 16. b3 g6 17. Nh6+ Kg7 18. f5 Ree8 19. Bg5 d5 20. Bxf6+ Bxf6 21. Ng4 Bg5 22. exd5 cxd5 23. Qf3 h5 24. Nh2 Qd6 25. Raa1 Re3 26. Qd1 Rg3 27. Rf3 Be3+ 28. Kh1 1/2-1/2

[Event "UGA-ch op"]
[Site "Kampala"]
[Date "2017.11.10"]
[Round "3"]
[White "Kantinti, Shaddrack"]
[Black "Ntambi, Rogers"]
[Result "1-0"]
[WhiteElo "2048"]
[BlackElo "1908"]
[PlyCount "55"]
[EventDate "2017.11.09"]
[EventType "swiss"]
[EventRounds "8"]
[EventCountry "UGA"]
[SourceTitle "EXT 2019"]
[Source "ChessBase"]
[SourceDate "2018.10.10"]
[SourceVersion "1"]
[SourceVersionDate "2018.10.10"]
[SourceQuality "1"]

1. e4 e5 2. Nf3 Nc6 3. Bb5 Bc5 4. 0-0 Nf6 5. d3 d6 6. h3 0-0 7. c3 Ne7 8. d4 exd4 9. cxd4 Bb6 10. Nc3 Ng6 11. Be3 c6 12. Bd3 Nh5 13. Qd2 f5 14. Bg5 Qe8 15. Rfe1 Qf7 16. e5 d5 17. Ne2 f4 18. Qc2 Be6 19. Bh4 Bf5 20. e6 Qxe6 21. Ng3 Nxh4 22. Rxe6 Nxf3+ 23. gxf3 Bxd3 24. Qxd3 fxg3 25. fxg3 Nxg3 26. Re5 Rf4 27. Kg2 Rxd4 28. Qe3 1-0

[Event "UGA-ch"]
[Site "Kampala"]
[Date "2013.04.27"]
[Round "9"]
[White "Kantinti, Shaddrack"]
[Black "Washaba, Fred"]
[Result "1/2-1/2"]
[WhiteElo "2121"]
[BlackElo "2056"]
[PlyCount "58"]
[EventDate "2013.04.13"]
[EventType "tourn"]
[EventRounds "11"]
[EventCountry "UGA"]
[SourceTitle "CBM 154 Extra"]
[Source "ChessBase"]
[SourceDate "2013.06.25"]
[SourceVersion "2"]
[SourceVersionDate "2013.06.25"]
[SourceQuality "1"]

1. e4 e6 2. d4 d5 3. Nd2 c5 4. exd5 cxd4 5. dxe6 Bxe6 6. Bb5+ Nc6 7. Ngf3 a6 8. Be2 Nf6 9. 0-0 Bc5 10. Nb3 Bb6 11. Bg5 0-0 12. h3 h6 13. Bh4 g5 14. Nxg5 hxg5 15. Bxg5 Kg7 16. Bd3 Qd5 17. f4 Bf5 18. Rf3 Bxd3 19. cxd3 Ne7 20. Rg3 Nf5 21. Bxf6+ Kxf6 22. Qh5 Rg8 23. Rg5 Rxg5 24. Qxg5+ Ke6 25. Qg4 Kd6 26. Nd2 Re8 27. Nc4+ Kc7 28. Rd1 Bc5 29. Rc1 Kb8 1/2-1/2

[Event "UGA olympic qual 3rd"]
[Site "Kampala"]
[Date "2012.05.05"]
[Round "7"]
[White "Kantinti, Shaddrack"]
[Black "Luggya, Vianney"]
[Result "1/2-1/2"]
[WhiteElo "2133"]
[BlackElo "1898"]
[PlyCount "50"]
[EventDate "2012.04.28"]
[EventType "tourn"]
[EventRounds "11"]
[EventCountry "UGA"]
[SourceTitle "EXT 2013"]
[Source "ChessBase"]
[SourceDate "2012.11.22"]
[SourceVersion "1"]
[SourceVersionDate "2012.11.22"]
[SourceQuality "1"]

1. e4 e6 2. d4 d5 3. Nc3 Bb4 4. e5 c5 5. a3 cxd4 6. axb4 dxc3 7. Qg4 Ne7 8. Qxg7 Rg8 9. Qxh7 Qc7 10. Nf3 Nbc6 11. Bb5 Rxg2 12. bxc3 Bd7 13. Kf1 Rg8 14. Bf4 Nxb4 15. Bxd7+ Kxd7 16. cxb4 Qc4+ 17. Qd3 Qxf4 18. Qb5+ Kc7 19. Qc5+ Nc6 20. b5 Qxf3 21. b6+ Kc8 22. Rg1 Rxg1+ 23. Kxg1 Qg4+ 24. Kh1 Qf3+ 25. Kg1 Qg4+ 1/2-1/2

[Event "UGA olympic qual 2nd"]
[Site "Kampala"]
[Date "2012.03.04"]
[Round "4"]
[White "Kizza, Faruk Fauza Karim"]
[Black "Kantinti, Shaddrack"]
[Result "0-1"]
[WhiteElo "2072"]
[BlackElo "2133"]
[PlyCount "110"]
[EventDate "2012.03.03"]
[EventType "swiss"]
[EventRounds "8"]
[EventCountry "UGA"]
[SourceTitle "CBM 147 Extra"]
[Source "ChessBase"]
[SourceDate "2012.04.24"]
[SourceVersion "1"]
[SourceVersionDate "2012.04.24"]
[SourceQuality "1"]

1. e4 c5 2. Nf3 Nc6 3. c4 d6 4. d4 cxd4 5. Nxd4 Nf6 6. Nc3 g6 7. Be2 Bg7 8. Be3 h5 9. h3 Bd7 10. 0-0 0-0 11. Rc1 a6 12. Qd2 Rc8 13. Kh2 Nxd4 14. Bxd4 Bc6 15. Qe3 Kh7 16. Bb6 Qe8 17. Qd3 Nd7 18. Bd4 Nc5 19. Qd2 Bh6 20. Be3 Bg7 21. Bd4 f6 22. f3 Ne6 23. Be3 Nd8 24. f4 Rh8 25. f5 g5 26. Nd5 Kg8 27. Kg1 h4 28. c5 Nf7 29. Bc4 Kh7 30. Be2 Ne5 31. cxd6 exd6 32. Qb4 Bxd5 33. Rxc8 Qxc8 34. exd5 Qd7 35. Bd4 Rc8 36. Bxe5 dxe5 37. Bf3 Bf8 38. Qg4 Qf7 39. Rd1 Bc5+ 40. Kh1 Bd4 41. d6 Kg7 42. Qe4 Rc6 43. b3 Qd7 44. Qd5 Qxd6 45. Qxd6 Rxd6 46. Bxb7 a5 47. Be4 Rd7 48. Bf3 Rc7 49. Be4 Kf8 50. Bd3 Rc3 51. Kh2 Rc7 52. Be4 Rc3 53. Bd3 Ke7 54. Bc4 Kd6 55. Bd3 Kd5 0-1

[Event "Olympiad-37"]
[Site "Turin"]
[Date "2006.06.03"]
[Round "12"]
[White "Montesinos, Jorge"]
[Black "Kantinti, Shaddrack"]
[Result "0-1"]
[WhiteElo "2057"]
[BlackElo "2152"]
[PlyCount "106"]
[EventDate "2006.05.21"]
[EventType "team-swiss"]
[EventRounds "13"]
[EventCountry "ITA"]
[SourceTitle "CBM 113"]
[Source "ChessBase"]
[SourceDate "2006.07.31"]
[SourceVersion "1"]
[SourceVersionDate "2006.07.31"]
[SourceQuality "1"]
[WhiteTeam "Honduras"]
[BlackTeam "Uganda"]
[WhiteTeamCountry "HON"]
[BlackTeamCountry "UGA"]

1. d4 Nf6 2. c4 e6 3. Nf3 d5 4. g3 c6 5. cxd5 exd5 6. Bg2 h5 7. Bg5 Qa5+ 8. Nbd2 Ne4 9. 0-0 Nxg5 10. Nxg5 Be7 11. Ngf3 Be6 12. e4 dxe4 13. Nxe4 Nd7 14. h4 0-0-0 15. Qc1 Nf6 16. Ne5 Bd5 17. Nc3 Bxg2 18. Kxg2 Rhf8 19. Qg5 Nd5 20. Qf5+ Kc7 21. Nxf7 Kb6 22. b4 Bxb4 23. Ne4 Rde8 24. Neg5 Re2 25. Kg1 Rxa2 26. Rxa2 Qxa2 27. Qg6 a5 28. Qxg7 Nc3 29. Ne5 Ne2+ 30. Kg2 Ka6 31. Qg6 Nxd4 32. Qd3+ Nb5 33. Nc4 Bc5 34. Ne4 Rf5 35. Rc1 Rd5 36. Nxc5+ Rxc5 37. Rc2 Qa1 38. Qd8 Rxc4 39. Rxc4 Qe5 40. Qg5 Qd5+ 41. Qxd5 cxd5 42. Rc5 d4 43. Kf3 a4 44. Rc1 a3 45. Ra1 Ka5 46. Ke4 Ka4 47. f3 Kb3 48. Rb1+ Kc4 49. Rc1+ Nc3+ 50. Kf5 d3 51. g4 d2 52. Ra1 a2 53. g5 Kd4 0-1

[Event "Olympiad-37"]
[Site "Turin"]
[Date "2006.05.29"]
[Round "8"]
[White "Galvez Dastin, Eduardo Francisco"]
[Black "Kantinti, Shaddrack"]
[Result "0-1"]
[WhiteElo "2191"]
[BlackElo "2152"]
[PlyCount "104"]
[EventDate "2006.05.21"]
[EventType "team-swiss"]
[EventRounds "13"]
[EventCountry "ITA"]
[SourceTitle "CBM 113"]
[Source "ChessBase"]
[SourceDate "2006.07.31"]
[SourceVersion "1"]
[SourceVersionDate "2006.07.31"]
[SourceQuality "1"]
[WhiteTeam "Guatemala"]
[BlackTeam "Uganda"]
[WhiteTeamCountry "GUA"]
[BlackTeamCountry "UGA"]

1. d4 Nf6 2. Nf3 d5 3. c4 c6 4. Nc3 e6 5. e3 Bd6 6. Qc2 0-0 7. b3 Nbd7 8. Be2 e5 9. h3 e4 10. Nh4 g6 11. g3 Re8 12. Ng2 Nf8 13. cxd5 cxd5 14. Nf4 Be6 15. Bd2 Rc8 16. Qb2 a6 17. h4 h5 18. Rc1 Qe7 19. Rc2 Rc7 20. Na4 Rxc2 21. Qxc2 Rc8 22. Qb2 Ba3 23. Qa1 Rc2 24. Nc3 Qc7 25. Bd1 Bb2 26. Qb1 Rxd2 27. Kxd2 Bxc3+ 28. Ke2 Bd7 29. Kf1 Ne6 30. Ne2 Bb4 31. Kg2 Ng4 32. a3 Bd6 33. b4 Bb5 34. a4 Bd3 35. Qb2 Qe7 36. Nc3 Nf6 37. b5 Bb4 38. bxa6 bxa6 39. Bb3 Nc7 40. Ne2 Bd6 41. Qa2 Qd7 42. Rc1 Qf5 43. Nf4 Bxf4 44. exf4 Ne6 45. Qd2 Nxd4 46. Bd1 Bf1+ 47. Kg1 Qh3 48. f3 Ne2+ 49. Kf2 Qxg3+ 50. Kxf1 Nxc1 51. Qxc1 exf3 52. Qe3 Ng4 0-1

[Event "Olympiad-36"]
[Site "Mallorca"]
[Date "2004.10.27"]
[Round "12"]
[White "Kantinti, Shaddrack"]
[Black "Klerides, Paris"]
[Result "1-0"]
[WhiteElo "2188"]
[BlackElo "2234"]
[PlyCount "71"]
[EventDate "2004.10.15"]
[EventType "team-swiss"]
[EventRounds "14"]
[EventCountry "ESP"]
[SourceTitle "CBM 104"]
[Source "ChessBase"]
[SourceDate "2005.01.27"]
[SourceVersion "1"]
[SourceVersionDate "2005.01.27"]
[SourceQuality "1"]
[WhiteTeam "Uganda"]
[BlackTeam "Cyprus"]
[WhiteTeamCountry "UGA"]
[BlackTeamCountry "CYP"]

1. e4 c5 2. Nc3 d6 3. Nf3 a6 4. d4 cxd4 5. Nxd4 Nf6 6. f4 e5 7. Nf3 Nbd7 8. a4 Be7 9. Bc4 0-0 10. 0-0 b6 11. Qe2 Bb7 12. fxe5 dxe5 13. Bg5 Qc7 14. Rad1 Bb4 15. Nd5 Nxd5 16. Bxd5 Bxd5 17. Rxd5 Rfc8 18. Nh4 Nf8 19. c3 Bc5+ 20. Kh1 Ne6 21. Bc1 g6 22. Nf3 Nf4 23. Bxf4 exf4 24. Ne5 Be3 25. g3 Re8 26. Ng4 Qc6 27. Qf3 f5 28. exf5 h5 29. Nxe3 fxe3 30. f6 Kf7 31. c4 e2 32. Re1 Qxc4 33. Rd7+ Kf8 34. Rh7 Red8 35. Rxe2 Rac8 36. Rh8+ 1-0

[Event "Olympiad-36"]
[Site "Mallorca"]
[Date "2004.10.25"]
[Round "10"]
[White "Kantinti, Shaddrack"]
[Black "Porter, Russel"]
[Result "0-1"]
[WhiteElo "2188"]
[BlackElo "2176"]
[PlyCount "91"]
[EventDate "2004.10.15"]
[EventType "team-swiss"]
[EventRounds "14"]
[EventCountry "ESP"]
[SourceTitle "CBM 104"]
[Source "ChessBase"]
[SourceDate "2005.01.27"]
[SourceVersion "1"]
[SourceVersionDate "2005.01.27"]
[SourceQuality "1"]
[WhiteTeam "Uganda"]
[BlackTeam "Jamaica"]
[WhiteTeamCountry "UGA"]
[BlackTeamCountry "JAM"]

1. e4 c5 2. Nc3 Nc6 3. Nf3 e6 4. d4 cxd4 5. Nxd4 Qc7 6. Be3 a6 7. Bd3 Nf6 8. 0-0 b5 9. a3 Bb7 10. Qe1 Ng4 11. Nf3 Nce5 12. Nxe5 Qxe5 13. g3 Nxe3 14. Qxe3 Bc5 15. Qd2 h5 16. Qf4 Qxf4 17. gxf4 h4 18. h3 f6 19. Rae1 0-0-0 20. Kh2 Rhg8 21. f3 g6 22. Re2 Rg7 23. b4 Bd4 24. Nd1 Rdg8 25. c4 bxc4 26. Bxc4 f5 27. Bd3 Bb6 28. Nb2 Bc7 29. e5 g5 30. Rc2 gxf4 31. Nc4 Kb8 32. Nd6 Bxd6 33. exd6 Rg3 34. Rcf2 Re8 35. b5 a5 36. Rd2 Bxf3 37. b6 Reg8 38. Rff2 Bb7 39. Bf1 f3 40. Bb5 R8g7 41. Bc4 e5 42. Bd5 Rg2+ 43. Rxg2 Rxg2+ 44. Rxg2 fxg2 45. Bxg2 Bxg2 46. Kxg2 0-1